000 01329nam a2200337 a 4500
001 000008148
003 DO-SdBNP
005 20260427114246.0
008 090915s2000 dr 000 0 spa d
020 _a9993401226
040 _aDO-SdBNP
_bspa
_cBNPHU
049 _aBNPD
082 _aRD868.42
_bD542o
100 1 _aDíaz, Vigil,
_d1880-1961
_922114
240 1 0 _aObras
_f2000
245 1 0 _aObras /
_cVigil Díaz, Zacarías Espinal ; prólogo y notas Diógenes Céspedes ; compilación Diógenes Céspedes, Andrés Blanco Díaz.
260 _aSanto Domingo :
_bConsejo Presidencial de Cultura,
_c2000.
300 _a716 p. ;
_c23 cm.
490 1 _aAutores clásicos dominicanos
_v2
504 _aIncluye referencias bibliográficas y notas al pie de las páginas
600 1 0 _aDíaz, Vigil,
_d1880-1961
_922114
600 1 4 _aEspinal , Zacarías,
_d1902-1933
_xCrítica e interpretación
_922116
650 4 _aAutores dominicanos
_xHistoria y crítica
_922117
650 4 _aLiteratura dominicana
_922118
_vColecciones de escritos
650 4 _aLiteratura dominicana
_ySiglo XX
_985167
700 1 _aEspinal, Zacarías,
_d1902-1933.
_tObras
_f2000
_922119
700 1 _aBlanco Díaz, Andrés
_9172
830 0 _aAutores clásicos dominicanos
_n2
_922121
910 _aValidado. Control de calidad BNPHU
942 _2ddc
_cLBS1
999 _c7925
_d7925